Slovenský Sion kazateľský časopis

Bibliographic Details
Format: Serial
Language:Slovak
PhysicalDescription:4 zv. 21 cm
Published: Skalica Jozef Škarnicel 1869-1873
Skalica J. Vincent Havlíček
ISSN:1337-2076
Subjects:

MARC

LEADER 00000cas a2200000 a 4500
001 vtls010221219
003 SK-MaSNL
005 20260228161509.0
008 200401d18691873xo mr| 000 b0slo c
022 |a 1337-2076 
035 |a KURUKTSP023855 
040 |a KURUKTSP  |b slo  |c SNK  |d SNK  |e AACR2 
041 0 |a slo 
044 |a xo  |c SK 
072 7 |a 2  |x Náboženstvo  |2 konspekt 
072 7 |a 27-5  |x Kresťanské umenie a symbolika. Duchovný život  |2 konspekt 
072 7 |a 27-4  |x Praktická teológia. Morálna teológia  |2 konspekt 
080 |a 050  |2 2001 
080 |a 21/29-1/-9  |2 2001 
080 |a 27-4  |2 2001 
210 0 |a Slov. Sion 
222 0 |a Slovenský Sion 
245 0 0 |a Slovenský Sion  |b kazateľský časopis 
260 |a Skalica  |b Jozef Škarnicel  |c 1869-1873 
260 3 |3 1871-1873  |a Skalica  |b J. Vincent Havlíček 
300 |a 4 zv.  |c 21 cm 
310 |a 1x mesačne 
362 0 |a Roč. I, č. 1 (1869)-roč. IV, č. 12 (1873) 
500 |a Vyd. a maj. od roč. III (1871) J. V. Havlíček 
500 |a Tlač.: Synovia F. X. Škarnicla; od roč. II (1870), Jozef Škarnicel; od roč. III (1871), Synovia F. X. Škarnicla v Skalici 
500 |a Časopis mal časti „Homiletica", „Catehetica", „Pastorálne úvahy" a pod. 
610 2 7 |a Katolícka cirkev  |2 SNKKA  |9 206702 
650 0 7 |a náboženstvo  |2 SNKPH  |9 2023 
650 0 7 |a kazateľstvo  |2 SNKPH  |9 1955 
650 0 7 |a cirkevný život  |2 SNKPH  |9 75120 
655 7 |a náboženské časopisy  |2 SNKPH  |9 70790 
910 |a snk 
916 |a 1869-1873 
958 |a ONDV 
999 |c 5563  |d 7493 
952 |0 0  |1 0  |4 0  |7 0  |8 5  |a SNK  |b SNK  |d 1999-12-21  |f 1  |i snkF 1577/70  |l 0  |o snkČSC 94/1/1869-1870  |p 17A0221661  |r 2005-01-02 00:00:00  |t č. 1-11  |w 2026-02-21  |y PREZ 
952 |0 0  |1 0  |4 0  |7 0  |a SNK  |b SNK  |d 1999-12-21  |f 1  |i snk3766/28  |l 0  |o snkČSC 94/2/1870-1871  |p 17A0221674  |r 2005-01-02 00:00:00  |t č. 1-12  |w 2026-02-21  |y PREZ 
952 |0 0  |1 0  |4 0  |7 0  |a SNK  |b SNK  |d 1999-12-21  |i snk2224/27  |l 0  |o snkČSC 94/3/1871-1872 D2  |p 17A0221213  |r 2005-01-02 00:00:00  |w 2026-02-21  |y PREZ 
952 |0 0  |1 0  |4 0  |7 0  |8 5  |a SNK  |b SNK  |d 1999-12-21  |f 1  |i snkF 2134/68  |l 0  |o snkČSC 94/4/1872-1873  |p 17A0221692  |r 2005-01-02 00:00:00  |t č. 1-12, neúplné  |w 2026-02-21  |y PREZ  |z Chýba č. 6-12 
952 |0 0  |1 0  |4 0  |7 0  |8 5  |a SNK  |b SNK  |d 2012-02-21  |i snkF 2163/68  |l 0  |o snkČSC 94/3/1871-1872 D1  |p 17A7633511  |r 2026-02-21 20:17:36  |w 2026-02-21  |y PREZ 
952 |0 0  |1 0  |4 0  |7 0  |8 5  |a SNK  |b SNK  |d 2012-02-21  |i snkF 1590/70  |l 0  |o snkČSC 94/4/1872-1873 D1  |p 17A7633512  |r 2026-02-21 20:17:36  |t č. 1-12, neúplné  |w 2026-02-21  |y PREZ  |z Chýba č. 1,4,6-12 
952 |0 0  |1 0  |4 0  |7 0  |8 5  |a SNK  |b SNK  |d 2012-04-10  |i snkF 3223/70  |l 0  |o snkČSC 94/1/1869-1870 D2  |p 17A0887621  |r 2026-02-21 20:30:09  |w 2026-02-21  |y PREZ 
952 |0 0  |1 0  |4 0  |7 0  |8 5  |a SNK  |b SNK  |d 2012-04-10  |i snkF 2136/68  |l 0  |o snkČSC 94/2/1870-1871 D2  |p 17A0887622  |r 2026-02-21 20:30:09  |t č. 1-12, neúplné  |w 2026-02-21  |y PREZ  |z Chýba č. 11 
952 |0 0  |1 0  |4 0  |7 0  |a SNK  |b SNK  |d 2014-11-19  |i snk1681/29  |l 0  |o snkČSC 94/1/1869-1870 D1  |p 17A1315827  |r 2026-02-21 20:33:10  |t č. 1-11  |w 2026-02-21  |y PREZ 
952 |0 0  |1 0  |4 0  |7 0  |8 5  |a SNK  |b SNK  |d 2014-11-19  |i snkF 2162/68  |l 0  |o snkČSC 94/2/1870-1871 D1  |p 17A1047040  |r 2026-02-21 20:33:10  |t č. 1-12  |w 2026-02-21  |y PREZ 
952 |0 0  |1 0  |4 0  |7 0  |8 5  |a SNK  |b SNK  |d 2014-11-19  |i snkF 1578/70  |l 0  |o snkČSC 94/2/1870-1871 D3  |p 17A1047041  |r 2026-02-21 20:33:10  |t č. 1-12  |w 2026-02-21  |y PREZ 
952 |0 0  |1 0  |4 0  |7 0  |8 5  |a SNK  |b SNK  |d 2014-11-19  |f 1  |i snkF 2135/68  |l 0  |o snkČSC 94/3/1871-1872  |p 17A1047042  |r 2026-02-21 20:33:12  |t č. 1-12  |w 2026-02-21  |y PREZ 
952 |0 0  |1 0  |4 0  |7 0  |8 3  |a SNK  |b SNK  |d 2014-11-19  |i snkK 216/65  |l 0  |o snkČSC 94/3/1871-1872 D3  |p 17A1047043  |r 2026-02-21 20:33:12  |w 2026-02-21  |y PREZ